|
|
|
|
| LEADER |
00000ckm a2200000 a 4500 |
| 001 |
vtls001355917 |
| 003 |
SK-MaSNL |
| 005 |
20260301010518.0 |
| 007 |
kf ou |
| 008 |
240409s1999 xx g 0k slo |
| 015 |
|
|
|a SNBG1999/03-01755
|
| 035 |
|
|
|a SNK000309388
|
| 035 |
|
|
|a urn:nbn:sk:snk-km002hfx
|
| 035 |
|
|
|a 8EB57170-4B5C-4C00-A4D8-8A97864DBFB6
|
| 035 |
|
|
|a urn:nbn:sk:snk-kmtfsy
|
| 040 |
|
|
|a SNK
|b slo
|c SNK
|e AACR2
|
| 041 |
0 |
|
|a slo
|
| 044 |
|
|
|a xx
|
| 080 |
|
|
|a 796.9.093.1(100)
|2 1981
|
| 080 |
|
|
|a (084.5)796
|2 1981
|
| 111 |
2 |
|
|a Svetová zimná univerziáda
|n (19. :
|d 1999 :
|c Poprad-Tatry, Slovensko)
|9 92824
|
| 245 |
1 |
0 |
|a Svetová zimná univerziáda '99
|h grafika
|b Poprad-Tatry 22.-30.1.1999 : biatlon, Brezno-Osrblie
|
| 246 |
1 |
1 |
|a Winter Universiade '99
|
| 246 |
1 |
1 |
|a Universiade d'hiver '99
|
| 260 |
|
|
|a [S.l.]
|b [s.n]
|c 1999
|
| 300 |
|
|
|a 1 plagát
|c 68 x 44 cm
|
| 500 |
|
|
|a Súbež. názov angl., nem. a franc.
|
| 648 |
|
7 |
|a 1999
|2 SNKPH
|9 266597
|
| 650 |
0 |
7 |
|a športové súťaže
|2 SNKPH
|9 1047
|
| 650 |
0 |
7 |
|a olympijské športy
|2 SNKPH
|9 73163
|
| 650 |
0 |
7 |
|a študenti
|2 SNKPH
|9 3979
|
| 650 |
0 |
7 |
|a biatlon
|2 SNKPH
|9 13519
|
| 651 |
|
7 |
|a Osrblie (Slovensko)
|2 SNKPH
|9 57369
|
| 655 |
|
7 |
|a športové plagáty
|2 SNKPH
|9 62835
|
| 852 |
|
|
|a Slovenská národná knižnica
|
| 958 |
|
|
|a CP
|
| 958 |
|
|
|a GBN
|
| 958 |
|
|
|a OND
|
| 999 |
|
|
|c 548309
|d 550239
|
| 952 |
|
|
|t P60, <03>, [BOOK], {603}
|a SNK
|b SNK
|y PREZ
|7 0
|p 17A1162253
|o snkLPA 43166
|i snkPL 11/99
|0 0
|1 0
|4 0
|d 1999-02-23
|f 1
|l 0
|r 2005-01-02 00:00:00
|w 2026-02-23
|